vufinder Bibliothèque Municipale de Charleval de Provence
Se connecter
« Retourner aux résultats de recherche

Esther et Elena

Book Cover
Auteur principal: Frédéric Lenoir Auteur du texte
D'autres auteurs: Rodolphe Griffo Illustrateur
Support: Livres
Langue: Francais
Series: L'Oracle della Luna
Genre: Bandes déssinées ADULTE
Sujets:
Étiquettes: Ajouter
Pas de Tags !

LEADER 01043nam0a2200217 450
001 16839807
010 |a 978-2-344-02588-8  |b cart.  |d 14,5 € 
100 |a 20171011d2018 u u0frey01 ba 
101 0 |a fre 
102 |a FR 
200 0 |a Esther et Elena  |f scénario Frédéric Lenoir  |g découpage Rodolphe - dessin Griffo 
207 1 |a   
215 |a 1 vol. (56 p.)  |c illustrations en couleur  |d 32 x 24 cm 
330 |a Tomaison. Dans la ville Sainte, Giovanni et Esther s'unissent par les liens sacrés du mariage. Un bébé est en route. Tout baigne, sauf qu'à l'horizon, le passé de Giovanni s'invite... Fin d'une saga qui tient ses promesses. 
461 0 |t L'Oracle della Luna  |v 05 
700 0 |a Lenoir  |b Frédéric  |c Auteur du texte  |f 1962-....  |4 70 
701 0 |a Rodolphe  |f 1948-....  |4 70 
701 0 |a Griffo  |c Illustrateur  |f 1949-....  |4 440 
900 |a Bandes déssinées ADULTE 
901 |a Réserve 
995 |a Bibliothèque  |c Bibliothèque  |f 00156011533353  |h 00156011533353  |k BDA LEN ORA 5  |o p  |q a  |r az  |u Vérifier la pastille sur la côte  |e Bibliothèque 

Options de recherche

Historique de recherche
Recherche avancée

Trouver plus

Nouveautés

Besoin d'aide ?

Contacter un bibliothécaire